Guess The Taylor Swift Song by The first line - Statistics

General Stats
  • This quiz has been taken 101 times
  • The average score is 9 of 11
Answer Stats
Lyric Song % Correct
This ain't for the bestMy reputation's never been worse, so You must like me for me delicate
97%
I wanna be your -------I wanna be your first string I wanna be your A-Team endgame
95%
Rebekah rode up on the afternoon trainIt was sunny the last great american dynasty
90%
Flashing lights and weTook a wrong turn and we Fell down a rabbit hole wonderland
90%
Summer went awayStill, the yearning stays I play it cool with the best of them You’re on Your Own, Kid
85%
He is sensible and so incredibleAnd all my single friends are jealous He says everything I need to hear, and it's like I couldn't ask for anything better The Way I Loved You
80%
Is it romantic how all my elegies eulogize me?I'm not cut out for all these cynical clones These hunters with cell phones the lakes
72%
My love was as cruel as the cities I lived inEveryone looked worse in the light There are so many lines that I've crossed unforgiven daylight
71%
We were crazy to thinkCrazy to think that this could work Remember how I said I'd die for you? false god
64%
If I wanted to know who you were hanging withWhile I was gone I would have asked you 'tis the damn season
55%
We were supposed to be just friendsYou don't live in my part of town, but maybe I'll see you out some weekend glitch
54%
No matching quizzes found
Score Distribution
Percent of People with Each Score
Percentile by Number Answered
Your Score History
You have not taken this quiz